00499nam a2200145Ia 4500008004100000041000800041082001400049100001500063245004500078260003200123300002900155365001100184999001700195952014100212240624s9999 xx 000 0 und d aeng a153.3 ADA aADAIR JOHN aART OF CREATIVE THINKING HOW TO BE INNOV c2009aNew DelhibKogan Page ax, : 133 : p. : cm. ; 21 cRSb33 c15040d15040 00104070aIMTNbIMTNcRack 2-Bd2010-04-09eIBHg195.00l2n1803o153.3 ADAp15040r2025-10-15 00:00:00s2025-10-08t1w2024-06-24yBK